Т. 5, № 113; Технологии в электронной промышленности

Մատենագիտական մանրամասներ
Parent link:Технологии в электронной промышленности: научно-технический журнал. Т. 5 № 113.— , 2013-.— 2074-0077
Ամփոփում:Режим доступа: по договору с организацией-держателем ресурса
Լեզու:ռուսերեն
Հրապարակվել է: 2019
Առցանց հասանելիություն:https://elibrary.ru/contents.asp?id=39543978
Ձևաչափ: MixedMaterials Էլեկտրոնային Գիրք
KOHA link:https://koha.lib.tpu.ru/cgi-bin/koha/opac-detail.pl?biblionumber=584356

MARC

LEADER 00000nam2a2200000 4500
001 584356
005 20231101131137.0
035 |a (RuTPU)RU\TPU\prd\285927 
035 |a RU\TPU\prd\285379 
090 |a 584356 
100 |a 20191107a20059999k y0rusy50 ca 
101 0 |a rus 
102 |a RU 
181 0 |a i  
182 0 |a b 
200 0 |a Т. 5, № 113  |b Электронный ресурс 
203 |a Текст  |c электронный 
210 |d 2019 
333 |a Режим доступа: по договору с организацией-держателем ресурса 
461 1 |0 (RuTPU)RU\TPU\prd\279696  |x 2074-0077  |t Технологии в электронной промышленности  |o научно-технический журнал  |v Т. 5 № 113  |d 2013- 
801 0 |a RU  |b 63413507  |c 20010227  |g PSBO 
801 1 |a RU  |b 63413507  |c 20160324 
801 2 |a RU  |b 63413507  |c 20191107  |g RCR 
856 4 0 |u https://elibrary.ru/contents.asp?id=39543978 
942 |c BK